European football clubs with missing letters - Statistics

General Stats
  • This quiz has been taken 36 times
  • The average score is 12 of 24
Answer Stats
Hint Club % Correct
_a_a_a_a_ay Galatasaray
94%
B_ _er_ _u_i_ _ Bayern Munich
85%
P_r_ _ SG Paris Saint Germain
79%
M_rs_ill_ Marseille
76%
T_tt_nh_m H_t__ur Tottenham Hotspur
76%
Ch_ _s_a Chelsea
74%
L_ _d_ U_i_ _d Leeds United
68%
A_a_ A_st_ _da_ Ajax Amsterdam
65%
FC _ar_ _lo_a FC Barcelona
62%
_nt_r M_l_n Inter Milan
56%
A_C W_ex_a_ AFC Wrexham
50%
L_ _er_o_l Liverpool
47%
B_n_ _ca L_ _b_n Benfica Lisbon
44%
_ut_ _ T_w_ Luton Town
44%
_uv_ _t_s FC Juventus Turin
41%
M_l_ _ FF Malmö FF
41%
U_io_ _e_l_n Union Berlin
41%
Ha_ _uk S_li_ Hajduk Split
38%
FC _i_ _arr_al FC Villarreal
35%
R_a_ _a_ri_ Real Madrid
32%
W_r_e_ _r_me_ Werder Bremen
15%
Ad_ir_ W_ck_ _ Admira Wacker
6%
H_r_h_ _S_ Hertha BSC
6%
M_nc_e_t_ _ U_it_ _ Machester United
0%
No matching quizzes found
Score Distribution
Percent of People with Each Score
Percentile by Number Answered
Your Score History
You have not taken this quiz